| 000 | 00727nam a2200301Ia 4500 | ||
|---|---|---|---|
| 005 | 20250425162531.0 | ||
| 008 | 250425s9999 xx 000 0 und d | ||
| 020 | _a9786071507617 | ||
| 041 | _aspa | ||
| 082 | _a658.155 | ||
| 100 | _aBLANK, LELAND | ||
| 245 | 0 | _aINGENIERIA ECONOMICA | |
| 250 | _a7A ED. | ||
| 260 | _aMEXICO | ||
| 260 |
_aMéxico _bMCGRAW-HILL _c2012 |
||
| 300 | _a615 | ||
| 650 | _aDEPRECIACION | ||
| 650 | _aDEPRECIACION | ||
| 650 | _aDEPRECIACION | ||
| 650 | _aINGENIERIA ECONOMICA | ||
| 650 | _aINGENIERIA ECONOMICA | ||
| 650 | _aINGENIERIA ECONOMICA | ||
| 650 | _aTASAS DE INTERES | ||
| 650 | _aTASAS DE INTERES | ||
| 650 | _aTASAS DE INTERES | ||
| 942 | _c01 | ||
| 010 | _a82865 | ||
| 999 |
_c231170 _d231170 |
||